Normale Ansicht MARC-Ansicht ISBD

Frankfurter Ephemeriden für deutsche Weltbürger (Titelsatznr. 63541)

[ MARC ]
MARC-Details
000 -Satzkennung
Kontrollfeld mit fester Länge 00512nam a2200193 4500
001 - Kontrollnummer
Kontrollfeld 2591
003 - Kontrollnummer Identifier
Kontrollfeld OSt
005 - Datum und Zeit der letzten Transaktion
Kontrollfeld 20220708140828.0
007 - Feld mit fester Länge zur physischen Beschreibung - Allgemeine Information
Kontrollfeld mit fester Länge tu
008 - Feld mit fester Länge zur physischen Beschreibung - Allgemeine Angaben
Kontrollfeld mit fester Länge s1793||||||| ger
040 ## - Katalogisierungsquelle
Original-Katalogisierungsstelle DE-2950
Übertragungsstelle DE-2950
245 00 - Titel
Titel Frankfurter Ephemeriden für deutsche Weltbürger
264 ## - Produktion, Veröffentlichung, Distribution, Herstellung und Urheberrechtsvermerk
Herstellungs-, Veröffentlichungs- Vertriebs-, Erzeugungsort Frankfurt (Oder)
Produzent, Herausgeber, Distributor, Hersteller Apitz
Datum der Herstellung, der Veröffentlichung, des Vertriebs oder des Urheberschutzvermerks 1793
300 ## - Physische Beschreibung
Umfang XIV, 384 S.
365 ## - Handelspreis
Währungscode DEM
500 ## - Allgemeine Fußnote
Allgemeine Fußnote Beigedr.: Gedanken über die letzten Lebensstunden … Ludwigs XVI. 1793.
546 ## - Fußnote zur Sprache
Sprache deutsch
942 ## - Zusätzliche Felder (Koha)
Klassifikation oder Aufstellungssystematik Andere/Generische Klassifikation
Koha-Medientyp Zeitschriften
Exemplare
Ausgeschieden Verloren Klassifikation oder Aufstellungssystematik Beschädigt Nicht entleihbar Heimatbibliothek Aufenthaltsbibliothek Erwerbungsdatum Kodierter Standort-Qualifier Anzahl Ausleihen Signatur Letzte Aktivität Preis gültig von Koha-Medientyp
    Andere/Generische Klassifikation     Stadtarchiv Frankfurt (Oder) | Archivbibliothek Stadtarchiv Frankfurt (Oder) | Archivbibliothek 25/11/2020 M   I: 1794 25/11/2020 25/11/2020 Zeitschriften